Masterplanning futures /

Salvato in:
Dettagli Bibliografici
Autore principale: Bullivant, Lucy (Autore)
Natura: Libro
Lingua:inglese
Pubblicazione: London : Routledge, 2012
New York : 2012
Edizione:1. vydanie
Soggetti:
Tags: Aggiungi Tag
Nessun Tag, puoi essere il primo ad aggiungerne!!

MARC

LEADER 00000nam a22000003a 4500
001 0017545
003 SK-STU
005 20190412114541.3
007 ta
008 160930s ----xo-----e------000-0-----d
020 |a 978-0-415-55447-3 
040 |a STU  |b slo 
041 0 |a eng 
044 |a xxu 
100 1 |a Bullivant, Lucy  |4 aut  |r Z6 
245 1 0 |a Masterplanning futures /  |c aut. Lucy Bullivant 
250 |a 1. vydanie 
260 |a London :  |b Routledge,  |c 2012 
260 |a New York :  |b Routledge,  |c 2012 
300 |a 313 s. 
650 0 7 |a vývoj stavby miest 
650 0 7 |a urbanizmus 
650 0 7 |a post-industriálna regenerácia 
650 0 7 |a centrum mesta 
650 0 7 |a centrum 
650 0 7 |a post-industrial regeneration 
650 0 7 |a city-centre 
996 |b 284AU06789  |c A* 9865/U  |l AAKNST  |s P  |a 0  |w 0017545_0002 
996 |b 284AU07831  |c A* 11090/U  |l AAKNAR  |s A  |a 24  |w 0017545_0003